Jimmy de Cat On Trees (Parole) - Statistiques

Statistiques générales
  • Ce quiz a été pris 22 fois
  • Le résultat moyen est 326 sur 446
Statistiques - réponses
Parole % Correct
I
100%
You
100%
you
100%
a
94%
to
94%
me
89%
see
89%
au
83%
be
83%
bras
83%
ce
83%
ces
83%
Dans
83%
dans
83%
de
83%
delà
83%
dela
83%
en
83%
encore
83%
Est
83%
find
83%
fou
83%
Je
83%
je
83%
moi
83%
nous
83%
Pardonne
83%
pardonne
83%
que
83%
qui
83%
rend
83%
te
83%
tes
83%
tous
83%
tu
83%
Un
83%
un
83%
voudrais
83%
voyage
83%
am
78%
debout
78%
Et
78%
jusque
78%
le
78%
même
78%
meme
78%
regarder
78%
rester
78%
si
78%
anywhere
72%
cet
72%
dois
72%
long
72%
think
72%
won't
72%
m'ennuie
67%
try
67%
us
67%
vous
67%
can
61%
day
61%
everybody
61%
gone
61%
him
61%
in
61%
maux
61%
the
61%
vagues
61%
Would
61%
as
56%
aveu
56%
best
56%
for
56%
good
56%
hope
56%
la
56%
one
56%
people
56%
veux
56%
with
56%
And
50%
and
50%
dormir
50%
Even
50%
everywhere
50%
He's
50%
sais
50%
Some
50%
cherche
44%
Comme
44%
from
44%
hear
44%
mer
44%
pain
44%
soleil
44%
tenir
44%
want
44%
all
39%
All
39%
by
39%
lost
39%
sous
39%
believe
33%
better
33%
feel
33%
of
33%
voix
33%
will
33%
around
28%
cette
28%
Forgive
28%
forgive
28%
inspired
28%
just
28%
Just
28%
s'endort
28%
back
22%
come
22%
Peux-tu
22%
have
17%
call
11%
journey
6%
this
6%
wanna
6%
embrace
0%
Aucun quiz correspondant
Distribution des résultats
% des personnes avec chaque résultat
Percentile par nombre de réponses
Votre historique - résultats
Vous n’avez pas pris ce quiz